00758nam a22002417a 450000500170000001000150001702000270003203500140005903700130007308200180008610000210010424500790012525000060020426000460021027000440025630000470030070000270034770000260037470000280040070000280042870000240045670000360048020240305135814.0 aENG-139535 a9788181715678c3918.00 aEN-123067 bDBAD/PUB a577.68095421 aChandra, Kailash aFaunal Diversity in Ramsar Wetlands of IndiacBy Kailash Chandra...[et.al] a1 aKolkatabZoological Survey of Indiac2021 aM-Block, New Alipore bKolkata e700053 a354p.c28cm(hbk)bIncludes Index, ill.Col. aBharti, Daizy eAuthor aSantosh KumareAuthor aRaghunathan, C.eAuthor aGupta, DevanshueAuthor aAlfred, JRBeAuthor aChowdhary, Biswajit RoyeAuthor